000 01692nam a2200241 i 4500
003 DO-SdBNP
005 20230817112237.0
006 a||||fr|||| 00| 0
007 ta
008 230815e1998 dr a|||| |||| 00| 0 spa d
040 _aDO-SdBNP
_bspa
_cBNPHU
_erda
082 4 _222
_bR426pr
110 1 _aRepública Dominicana
_bSecretaría de Estado de Finanza
_eInstituto de Capacitación Tributaria
_953816
245 1 0 _aProgramación regular de cursos 1998. /
264 1 _aSanto Domingo :
_bINCAT,
_c1998
300 _a63 páginas :
_bIlustraciones ;
_c20 cm
336 _2rdacontent
_atexto
_btxt
337 _2rdamedia
_asin mediación
_bn
338 _2rdacarrier
_avolumen
_bnc
505 _aAgente de Retención y Liquidación.
_tBásico de Técnicas Aduanales.-- Calidad en el Servicio y Atención al Cliente.-- Catastro y Valuación de Bienes Inmuebles.-- Contabilidad Básica.--Derecho Tributario.-- Especialización en Tributos Internos.-- Especialización en Comercio Exterior y Aduanas.-- Fiscalización de Renta.-- Formulación y Ejecución Presupuestaria.-- Impuesto Sobre la Renta.-- Impuesto a la Transferencias d Bienes.-- Industrializados y servicios al ITBIS.-- Impuesto Selectivo al consumo.-- Impuesto a la vivienda Suntuaria y solares.-- Urbanos no Edificados.--
_tNomenclatura y Merceología.-- Normas Generales, Procedimientos, Infracciones y Sanciones Tributarias.-- Organización y métodos.-- Ortografía y redacción.-- Redacción de Informes Técnicos.-- Relaciones Humanas.-- Sucesiones y Donaciones.-- Sucesiones, Donaciones y Transferencia a Título Oneroso.-- Verificación a Aforo.-- Valoración Aduanera.
590 _aInventariado 2023 / MF
942 _2ddc
_cLBS1
999 _c54413
_d54413